| 000 | 00855nam a2200181 i 4500 | ||
|---|---|---|---|
| 001 | 157201 | ||
| 003 | ES-MaACL | ||
| 005 | 20250719062540.0 | ||
| 008 | 991104s1881 sp |||| | spa d | ||
| 100 | 1 |
_aLastres y Juiz, Francisco, _d1848-1918 _970504 |
|
| 245 | 1 | 0 |
_aProcedimientos civiles y criminales _b: con arreglo a la novísima ley de enjuiciamiento civil, compilación criminal y disposiciones vigentes ; seguidos de un Manual de formularios para facilitar la aplicación de la teoría a la práctica forense / _cpor Francisco Lastres. |
| 250 | _a7ª ed., corr. y aum. | ||
| 260 |
_aMadrid : _bLibrería de Victoriano Suarez, _c1881 ( _fImp. de Manuel G. Hernández) |
||
| 300 |
_a723 p. ; _c21 cm. |
||
| 650 | 0 | 4 |
_aDerecho procesal- _zEspaña. _911762 |
| 852 |
_aES-MaACL _jG-13037 _z- Enc. pasta española |
||
| 999 |
_c157201 _d157201 |
||